[Event "49th POL-ch"]
[Site "Czestochowa POL"]
[Date "1992.03.??"]
[Round "1"]
[White "Czerwonski, Aleksander"]
[Black "Urban, Klaudiusz"]
[Result "1/2-1/2"]
[WhiteElo "2370"]
[BlackElo "2465"]
[EventDate "1992.03.05"]
[PlyCount "71"]

1.d4 Nf6 2.c4 c5 3.d5 g6 4.Nc3 Bg7 5.e4 d6 6.f3 O-O 7.Nge2 e6 8.Ng3 exd5 
9.cxd5 b6 10.Be2 Ba6 11.O-O Bxe2 12.Qxe2 a6 13.a4 Nbd7 14.Bg5 h6 15.Bf4 
Ne8 16.Rab1 Qh4 17.Be3 Nc7 18.Rfc1 Rfe8 19.Bf2 Qg5 20.Nf1 Nxd5 21.Nxd5 
Qxd5 22.b4 Qc6 23.b5 axb5 24.axb5 Qb7 25.Qd2 Ne5 26.Ne3 Ra3 27.Qxd6 Nd3 
28.Nc4 Nxc1 29.Nxa3 Ne2+ 30.Kf1 Nd4 31.Nc4 Re6 32.Qd8+ Kh7 33.Ra1 Bf6 34.
Qf8 Bg7 35.Qd8 Bf6 36.Qf8 1/2-1/2

[Event "49th POL-ch"]
[Site "Czestochowa POL"]
[Date "1992.03.??"]
[Round "1"]
[White "Jasnikowski, Zbigniew"]
[Black "Pedzich, Dominik"]
[Result "1/2-1/2"]
[WhiteElo "2450"]
[BlackElo "2385"]
[EventDate "1992.03.05"]
[PlyCount "70"]

1.d4 Nf6 2.c4 g6 3.g3 c6 4.Nf3 Bg7 5.Bg2 O-O 6.Nc3 d5 7.cxd5 cxd5 8.Ne5 e6
9.O-O Nfd7 10.f4 f6 11.Nd3 Nc6 12.e3 f5 13.Ne5 Ndxe5 14.dxe5 Bd7 15.b3 Re8
16.Kh1 Qa5 17.Bb2 Rec8 18.e4 d4 19.Ne2 Rd8 20.exf5 gxf5 21.Rf3 Be8 22.Rd3 
Bh5 23.Qd2 Qxd2 24.Rxd2 d3 25.Nc1 Rd7 26.Ba3 Rad8 27.Rb1 Bf8 28.Bxf8 Kxf8 
29.b4 Rd4 30.a3 Rc4 31.Nxd3 Rc3 32.Bf1 Rxa3 33.Rbb2 Ke7 34.Kg2 Rc3 35.Kf2 
Nd4 1/2-1/2

[Event "49th POL-ch"]
[Site "Czestochowa POL"]
[Date "1992.03.??"]
[Round "1"]
[White "Matlak, Marek"]
[Black "Macieja, Bartlomiej"]
[Result "0-1"]
[WhiteElo "2440"]
[BlackElo "2300"]
[EventDate "1992.03.05"]
[PlyCount "74"]

1.d4 Nf6 2.Nf3 g6 3.c4 Bg7 4.g3 O-O 5.Bg2 c6 6.b3 d5 7.Bb2 Ne4 8.O-O a5 9.
Ne5 Nd7 10.Nd3 a4 11.Na3 Ndf6 12.e3 Nd6 13.c5 Nf5 14.Nb1 axb3 15.axb3 Rxa1
16.Bxa1 b6 17.b4 Ba6 18.Qc2 Nd7 19.Rc1 Bxd3 20.Qxd3 bxc5 21.bxc5 e5 22.Bh3
e4 23.Qe2 Qg5 24.Qg4 Qf6 25.Bc3 h5 26.Qe2 Ra8 27.Rc2 h4 28.Nd2 hxg3 29.
hxg3 Ra3 30.Nf1 Rb3 31.Ba5 Kh7 32.Ra2 Nf8 33.Bc7 Ne6 34.Be5 Qg5 35.Bxg7 
Kxg7 36.Rb2 Nfxd4 37.exd4 Nxd4 0-1

[Event "49th POL-ch"]
[Site "Czestochowa POL"]
[Date "1992.03.??"]
[Round "1"]
[White "Schmidt, Wlodzimierz"]
[Black "Maciejewski, Andrzej"]
[Result "0-1"]
[WhiteElo "2465"]
[BlackElo "2350"]
[EventDate "1992.03.05"]
[PlyCount "90"]

1.Nf3 g6 2.c4 Bg7 3.d4 d6 4.Nc3 c6 5.e4 a6 6.Be2 b5 7.O-O Bg4 8.Be3 b4 9.
Na4 Nd7 10.h3 Bxf3 11.Bxf3 Qc7 12.c5 dxc5 13.dxc5 Ngf6 14.Nb6 Ra7 15.Qa4 
Ne5 16.Be2 Nxe4 17.Qxb4 Nf6 18.Rad1 O-O 19.f4 Ned7 20.Bf3 Nb8 21.Rf2 e6 
22.Rd6 Nd5 23.Bxd5 a5 24.Qa4 exd5 25.Bd4 Qe7 26.Bxg7 Qe1+ 27.Kh2 Kxg7 28.
Qd4+ f6 29.f5 Qe5+ 30.Qxe5 fxe5 31.Re6 e4 32.f6+ Kf7 33.Rd6 Rc7 34.g4 h6 
35.h4 Re8 36.Kg3 Na6 37.Nxd5 cxd5 38.Rxa6 e3 39.Re2 Rd7 40.Rd6 Rxd6 41.
cxd6 d4 42.Kf3 Kxf6 43.d7 Rd8 44.Ke4 Rxd7 45.Kd3 Ke5 0-1

[Event "49th POL-ch"]
[Site "Czestochowa POL"]
[Date "1992.03.??"]
[Round "1"]
[White "Seifert, Henryk"]
[Black "Gdanski, Jacek"]
[Result "0-1"]
[WhiteElo "2330"]
[BlackElo "2435"]
[EventDate "1992.03.05"]
[PlyCount "84"]

1.e4 e6 2.d4 d5 3.exd5 exd5 4.Qf3 Nf6 5.Bd3 Bg4 6.Qg3 Bd6 7.Qh4 Qe7+ 8.Ne2
Nbd7 9.Nc3 c6 10.f3 Bh5 11.Bf4 O-O-O 12.Bxd6 Qxd6 13.O-O-O Bg6 14.Qf4 Kc7 
15.Qxd6+ Kxd6 16.Ng3 Rde8 17.Nf5+ Bxf5 18.Bxf5 g6 19.Bxd7 Kxd7 20.Rhe1 Nh5
21.Kd2 Nf4 22.Rxe8 Rxe8 23.g3 Ne6 24.Ne2 h5 25.h4 Ng7 26.c3 Nf5 27.Rg1 Kd6
28.b3 b6 29.Rc1 c5 30.Rg1 Re7 31.Rc1 c4 32.bxc4 dxc4 33.Rg1 Re3 34.f4 Rd3+
35.Ke1 Kd5 36.a4 Ke4 37.Kf2 Rd2 38.Rb1 Nxg3 39.Rb5 Nxe2 40.Re5+ Kxf4 41.
Rxe2 Rxe2+ 42.Kxe2 f6 0-1

[Event "49th POL-ch"]
[Site "Czestochowa POL"]
[Date "1992.03.??"]
[Round "2"]
[White "Gdanski, Jacek"]
[Black "Przewoznik, Jan"]
[Result "1-0"]
[WhiteElo "2435"]
[BlackElo "2415"]
[EventDate "1992.03.05"]
[PlyCount "53"]

1.e4 e6 2.d4 d5 3.e5 c5 4.c3 Nc6 5.Nf3 Bd7 6.Be2 Nge7 7.O-O Ng6 8.g3 Be7 
9.h4 O-O 10.h5 Nh8 11.h6 g6 12.dxc5 Bxc5 13.c4 dxc4 14.Nc3 Be7 15.Ne4 g5 
16.Bxg5 Bxg5 17.Nfxg5 Nxe5 18.f4 Nd3 19.Bxd3 cxd3 20.Qxd3 f5 21.Qd4 Qb6 
22.Nc5 e5 23.Qxd7 Qxc5+ 24.Rf2 Nf7 25.Qxf5 Nxg5 26.Qxg5+ Kf7 27.Re1 1-0

[Event "49th POL-ch"]
[Site "Czestochowa POL"]
[Date "1992.03.??"]
[Round "2"]
[White "Kuczynski, Robert"]
[Black "Czerwonski, Aleksander"]
[Result "1/2-1/2"]
[WhiteElo "2500"]
[BlackElo "2370"]
[EventDate "1992.03.05"]
[PlyCount "83"]

1.e4 e5 2.Nf3 Nc6 3.Bc4 Bc5 4.d3 d6 5.c3 a6 6.Bb3 Ba7 7.O-O Nf6 8.Nbd2 O-O
9.Nc4 h6 10.Re1 Be6 11.Be3 Re8 12.a4 Qd7 13.a5 Bxe3 14.Nxe3 Bxb3 15.Qxb3 
g6 16.h3 Kg7 17.Nh2 Ne7 18.Rf1 Nh5 19.d4 Nf4 20.dxe5 dxe5 21.Nf3 Nc6 22.
Rfd1 Qe6 23.Nd5 Nd8 24.c4 Qc6 25.Kh2 Qc5 26.Rd2 Nde6 27.Nxf4 Nxf4 28.Qc3 
Rad8 29.Rad1 Rxd2 30.Rxd2 Re7 31.g3 Nh5 32.b4 Qc6 33.Rd5 Nf6 34.Rxe5 Rxe5 
35.Nxe5 Qxe4 36.Ng4 Qf5 37.Qd4 h5 38.Ne5 Qe4 39.Qxe4 Nxe4 40.Kg2 Nd2 41.c5
c6 42.f4 1/2-1/2

[Event "49th POL-ch"]
[Site "Czestochowa POL"]
[Date "1992.03.??"]
[Round "2"]
[White "Macieja, Bartlomiej"]
[Black "Schmidt, Wlodzimierz"]
[Result "1/2-1/2"]
[WhiteElo "2300"]
[BlackElo "2465"]
[EventDate "1992.03.05"]
[PlyCount "45"]

1.e4 e6 2.d4 d5 3.Nc3 Bb4 4.e5 c5 5.a3 Bxc3+ 6.bxc3 Ne7 7.Qg4 Qc7 8.Bd3 
cxd4 9.Ne2 dxc3 10.Qxg7 Rg8 11.Qxh7 Nbc6 12.Bf4 Bd7 13.Bg3 O-O-O 14.Qxf7 
Rdf8 15.Qh7 Rh8 16.Qg7 Rfg8 17.Qf6 d4 18.O-O Rf8 19.Qg5 Rhg8 20.Qh4 Rh8 
21.Qg5 Rhg8 22.Qh4 Rh8 23.Qg5 1/2-1/2

[Event "49th POL-ch"]
[Site "Czestochowa POL"]
[Date "1992.03.??"]
[Round "2"]
[White "Sznapik, Aleksander"]
[Black "Matlak, Marek"]
[Result "1-0"]
[WhiteElo "2460"]
[BlackElo "2440"]
[EventDate "1992.03.05"]
[PlyCount "51"]

1.e4 e6 2.d4 d5 3.Nc3 Bb4 4.e5 c5 5.a3 Bxc3+ 6.bxc3 Qa5 7.Bd2 cxd4 8.cxd4 
Qa4 9.Rb1 Nc6 10.Nf3 Qxa3 11.Bb5 Bd7 12.O-O Qf8 13.Bxc6 Bxc6 14.Bb4 Ne7 
15.Qc1 Kd7 16.Qa3 Qe8 17.Rb3 Nc8 18.Rfb1 Kc7 19.Bd6+ Kd8 20.Rxb7 Bxb7 21.
Qa5+ Nb6 22.Rxb6 Qa4 23.Qxa4 axb6 24.Qb4 Ra6 25.h4 Bc6 26.Ng5 1-0

[Event "49th POL-ch"]
[Site "Czestochowa POL"]
[Date "1992.03.??"]
[Round "2"]
[White "Urban, Klaudiusz"]
[Black "Seifert, Henryk"]
[Result "1/2-1/2"]
[WhiteElo "2465"]
[BlackElo "2330"]
[EventDate "1992.03.05"]
[PlyCount "138"]

1.c4 c6 2.g3 d5 3.Bg2 Nf6 4.Nf3 Bf5 5.O-O e6 6.b3 Nbd7 7.Bb2 h6 8.d3 Be7 
9.Nbd2 O-O 10.a3 a5 11.Bc3 Qb6 12.b4 axb4 13.axb4 Bxb4 14.Rb1 c5 15.Bxb4 
cxb4 16.Qb3 Bg4 17.Qxb4 Qxb4 18.Rxb4 Bxf3 19.Bxf3 Ra2 20.Rd1 Ne5 21.Kg2 
Rc8 22.Rxb7 dxc4 23.Nxc4 Nxc4 24.dxc4 Rc2 25.e4 R2xc4 26.e5 Ne4 27.Bxe4 
Rxe4 28.Rdd7 Rf8 29.f4 Re2+ 30.Kf3 Re1 31.g4 g5 32.Rb4 Ra8 33.Rd2 Kg7 34.
Kf2 Raa1 35.fxg5 hxg5 36.Rb5 Re4 37.h3 Ra3 38.Kg2 Ree3 39.Rf2 Rxh3 40.Rb7 
Rhg3+ 41.Kf1 Raf3 42.Rxf3 Rxf3+ 43.Kg2 Re3 44.Rb5 Re4 45.Kf3 Rf4+ 46.Kg3 
Rd4 47.Rb3 Re4 48.Rb5 Re3+ 49.Kf2 Rd3 50.Rb4 Rd5 51.Re4 f6 52.exf6+ Kxf6 
53.Ra4 Rb5 54.Ra3 Rb4 55.Kf3 Rf4+ 56.Kg3 Rd4 57.Kf3 Ke5 58.Re3+ Kd5 59.Ra3
Rf4+ 60.Kg3 Rc4 61.Ra8 Ke4 62.Rf8 Rc3+ 63.Kg2 Rc5 64.Kg3 Rc3+ 65.Kf2 Rc5 
66.Kg3 Rd5 67.Rf6 Rd3+ 68.Kf2 Rd6 69.Kg3 Rd3+ 1/2-1/2

[Event "49th POL-ch"]
[Site "Czestochowa POL"]
[Date "1992.03.??"]
[Round "3"]
[White "Czerwonski, Aleksander"]
[Black "Maciejewski, Andrzej"]
[Result "1-0"]
[WhiteElo "2370"]
[BlackElo "2350"]
[EventDate "1992.03.05"]
[PlyCount "85"]

1.Nf3 g6 2.c4 Bg7 3.d4 c6 4.Nc3 d6 5.e4 Bg4 6.Be2 Bxf3 7.Bxf3 Qb6 8.Be3 
Qxb2 9.Rc1 Qb6 10.O-O Qc7 11.Qa4 Nf6 12.e5 dxe5 13.Nb5 Qc8 14.dxe5 Nfd7 
15.e6 Ne5 16.exf7+ Kxf7 17.Be2 cxb5 18.cxb5 Qf5 19.f4 Ned7 20.g4 Qf6 21.f5
Nb6 22.Qb3+ Ke8 23.g5 Qb2 24.Qd3 N8d7 25.f6 Bxf6 26.gxf6 Nxf6 27.Bd4 Qb4 
28.Bxf6 exf6 29.Bf3 Nd7 30.Bxb7 Ne5 31.Bc6+ Ke7 32.Rce1 Rad8 33.Qg3 Qc5+ 
34.Kh1 Rd4 35.Rxe5+ fxe5 36.Qg5+ Kd6 37.Qf6+ Kc7 38.Qxh8 Rf4 39.Qg7+ Kb6 
40.Qb7+ Ka5 41.Qa6+ Kb4 42.Rb1+ Kc3 43.Rc1+ 1-0

[Event "49th POL-ch"]
[Site "Czestochowa POL"]
[Date "1992.03.??"]
[Round "3"]
[White "Jasnikowski, Zbigniew"]
[Black "Gdanski, Jacek"]
[Result "0-1"]
[WhiteElo "2450"]
[BlackElo "2435"]
[EventDate "1992.03.05"]
[PlyCount "122"]

1.d4 Nf6 2.Nf3 c5 3.d5 g6 4.Nc3 Bg7 5.e4 O-O 6.Be2 d6 7.O-O e6 8.Nd2 exd5 
9.exd5 Nbd7 10.a4 Nb6 11.Bf3 Bd7 12.a5 Nc8 13.Nde4 Nxe4 14.Nxe4 Bf5 15.c3 
Bxe4 16.Bxe4 b5 17.g3 Rb8 18.Bd2 Re8 19.Re1 Ne7 20.Qf3 Qd7 21.Re2 Kf8 22.
Rae1 Ng8 23.Bd3 Rxe2 24.Bxe2 Re8 25.Bf1 Rxe1 26.Bxe1 c4 27.Bd2 Nf6 28.Be3 
a6 29.Bf4 h5 30.h3 Qe7 31.Bg2 Nd7 32.Kh2 Nc5 33.Qd1 Nd3 34.Qd2 Be5 35.Bg5 
Bf6 36.Bh6+ Kg8 37.h4 Qe5 38.Be3 Qf5 39.Qe2 Qe5 40.Qd2 Qf5 41.Qe2 Kh7 42.
Bb6 Nc1 43.Qe3 Nb3 44.Bc7 Nc5 45.Bxd6 Nd3 46.f4 Nxb2 47.Qe8 Bxc3 48.Be4 
Qf6 49.Be7 Qg7 50.d6 Bxa5 51.d7 Nd1 52.f5 Nf2 53.Bb4 Nxe4 54.Bxa5 Qb2+ 55.
Kh3 Nf2+ 56.Kg2 Ng4+ 57.Kf3 Qf2+ 58.Ke4 Nf6+ 59.Ke5 Nxe8 60.d8=Q Qxf5+ 61.
Kd4 Qd3+ 0-1

[Event "49th POL-ch"]
[Site "Czestochowa POL"]
[Date "1992.03.??"]
[Round "3"]
[White "Seifert, Henryk"]
[Black "Kuczynski, Robert"]
[Result "0-1"]
[WhiteElo "2330"]
[BlackElo "2500"]
[EventDate "1992.03.05"]
[PlyCount "90"]

1.e4 c5 2.Nf3 d6 3.d4 cxd4 4.Qxd4 Nc6 5.Bb5 Bd7 6.Bxc6 Bxc6 7.c4 Nf6 8.Nc3
g6 9.O-O Bg7 10.Re1 O-O 11.Qd3 Rc8 12.Rb1 Nd7 13.b4 b6 14.Bb2 Bb7 15.Nd5 
Ne5 16.Nxe5 dxe5 17.Qa3 Rxc4 18.Qxa7 Bxd5 19.exd5 Rxb4 20.Ba3 Rxb1 21.Rxb1
Qxd5 22.Bxe7 Re8 23.h3 e4 24.Bh4 Bd4 25.Qa4 Ra8 26.Qb3 Qxb3 27.axb3 f5 28.
Rd1 Ra1 29.Rxa1 Bxa1 30.f3 Bd4+ 31.Kf1 exf3 32.gxf3 Kf7 33.Ke2 b5 34.Kd3 
Bf6 35.Be1 g5 36.Bf2 Ke6 37.Be1 Kd5 38.Bf2 h6 39.Be3 Be5 40.Bf2 Bf4 41.Bg1
h5 42.Bb6 g4 43.fxg4 fxg4 44.hxg4 hxg4 45.Ba7 g3 0-1

[Event "49th POL-ch"]
[Site "Czestochowa POL"]
[Date "1992.03.??"]
[Round "4"]
[White "Gdanski, Jacek"]
[Black "Pedzich, Dominik"]
[Result "1-0"]
[WhiteElo "2435"]
[BlackElo "2385"]
[EventDate "1992.03.05"]
[PlyCount "29"]

1.e4 e5 2.Nf3 Nc6 3.Bb5 a6 4.Ba4 Nf6 5.O-O Nxe4 6.d4 Be7 7.Re1 b5 8.d5 Nc5
9.Bb3 Na5 10.Nxe5 O-O 11.d6 Bxd6 12.Bxf7+ Rxf7 13.Nxf7 Kxf7 14.Qh5+ Kf8 
15.Bg5 1-0

[Event "49th POL-ch"]
[Site "Czestochowa POL"]
[Date "1992.03.??"]
[Round "4"]
[White "Kuczynski, Robert"]
[Black "Przewoznik, Jan"]
[Result "1/2-1/2"]
[WhiteElo "2500"]
[BlackElo "2415"]
[EventDate "1992.03.05"]
[PlyCount "37"]

1.e4 e6 2.d4 d5 3.Nc3 dxe4 4.Nxe4 Nd7 5.Nf3 Ngf6 6.Nxf6+ Nxf6 7.Bd3 b6 8.
O-O Bb7 9.Qe2 Be7 10.Bg5 O-O 11.Rad1 h6 12.Bf4 Rc8 13.c4 Bd6 14.Ne5 Qe7 
15.Bb1 Rfd8 16.Rd3 Be4 17.Rg3 Bxb1 18.Rxb1 Kh8 19.Qf3 1/2-1/2

[Event "49th POL-ch"]
[Site "Czestochowa POL"]
[Date "1992.03.??"]
[Round "4"]
[White "Maciejewski, Andrzej"]
[Black "Seifert, Henryk"]
[Result "1-0"]
[WhiteElo "2350"]
[BlackElo "2330"]
[EventDate "1992.03.05"]
[PlyCount "91"]

1.g3 d5 2.Bg2 Nf6 3.d3 c6 4.Nd2 e5 5.e4 Bc5 6.Ngf3 O-O 7.O-O Re8 8.c3 dxe4
9.dxe4 Bg4 10.h3 Bh5 11.Qe2 a5 12.Rd1 Qc7 13.g4 Bg6 14.Nh4 Nbd7 15.Nf1 Nf8
16.Ng3 Ne6 17.Qf3 Rad8 18.Re1 Qb6 19.Nhf5 Nf4 20.Bf1 Rd7 21.Rb1 Red8 22.
Bxf4 exf4 23.Qxf4 Bxf5 24.Nxf5 Rd2 25.Re2 R2d3 26.Rbe1 Ne8 27.Rc2 Rd1 28.
Rxd1 Rxd1 29.Kg2 Qd8 30.Bc4 Rd7 31.a4 Nc7 32.Nxg7 Kxg7 33.Qe5+ Qf6 34.Qxc5
Ne6 35.Bxe6 fxe6 36.Qe3 Qd8 37.Qf4 Rd1 38.Qe5+ Kf7 39.Re2 Qd3 40.Qf4+ Kg7 
41.Re3 Qf1+ 42.Kg3 Rd3 43.e5 Rxe3+ 44.Qxe3 Qc4 45.Qg5+ Kh8 46.Qf4 1-0

[Event "49th POL-ch"]
[Site "Czestochowa POL"]
[Date "1992.03.??"]
[Round "4"]
[White "Matlak, Marek"]
[Black "Schmidt, Wlodzimierz"]
[Result "1/2-1/2"]
[WhiteElo "2440"]
[BlackElo "2465"]
[EventDate "1992.03.05"]
[PlyCount "27"]

1.d4 Nf6 2.Nf3 g6 3.g3 d5 4.Bg2 Bg7 5.O-O O-O 6.Na3 c6 7.c4 Qb6 8.b3 Bf5 
9.Bb2 a5 10.Ne5 Na6 11.Nc2 Be4 12.f3 Bxc2 13.Qxc2 c5 14.e3 1/2-1/2

[Event "49th POL-ch"]
[Site "Czestochowa POL"]
[Date "1992.03.??"]
[Round "5"]
[White "Czerwonski, Aleksander"]
[Black "Sznapik, Aleksander"]
[Result "1-0"]
[WhiteElo "2370"]
[BlackElo "2460"]
[EventDate "1992.03.05"]
[PlyCount "73"]

1.d4 Nf6 2.c4 g6 3.Nc3 Bg7 4.e4 d6 5.f3 O-O 6.Be3 c5 7.Nge2 Nc6 8.d5 Ne5 
9.Ng3 e6 10.Be2 h5 11.O-O exd5 12.cxd5 a6 13.a4 Re8 14.h3 Rb8 15.Qd2 Nh7 
16.f4 Nd7 17.e5 dxe5 18.f5 b5 19.axb5 axb5 20.fxg6 fxg6 21.Nge4 Nhf6 22.
Nd6 Rf8 23.Ncxb5 Bb7 24.Bh6 Bxd5 25.Qg5 Kh7 26.Bxg7 Kxg7 27.Nf5+ Kf7 28.
Nbd6+ Ke6 29.Qxg6 Rxb2 30.Ra6 Nb6 31.Rf2 e4 32.Ra7 e3 33.Ng7+ Kxd6 34.
Rxf6+ Rxf6 35.Ne8+ Kc6 36.Qxf6+ Qxf6 37.Rc7# 1-0

[Event "49th POL-ch"]
[Site "Czestochowa POL"]
[Date "1992.03.??"]
[Round "5"]
[White "Panczyk, Krzysztof"]
[Black "Gdanski, Jacek"]
[Result "0-1"]
[WhiteElo "2425"]
[BlackElo "2435"]
[EventDate "1992.03.05"]
[PlyCount "70"]

1.d4 Nf6 2.c4 c5 3.d5 g6 4.Nc3 d6 5.e4 Bg7 6.Bd3 O-O 7.Nge2 e6 8.O-O Ng4 
9.dxe6 fxe6 10.f4 Nc6 11.h3 Nh6 12.Be3 e5 13.Qd2 exf4 14.Nxf4 Nf7 15.Rf2 
Nfe5 16.Raf1 Bd7 17.Nb5 a6 18.Nxd6 b6 19.Be2 Nd4 20.Bxd4 cxd4 21.Nd3 Rxf2 
22.Rxf2 Be6 23.c5 Nxd3 24.Qxd3 bxc5 25.e5 Qg5 26.Qe4 Rd8 27.Bg4 Bxa2 28.b4
Bxe5 29.Nb7 Re8 30.Qc6 Qc1+ 31.Rf1 Qe3+ 32.Kh1 Bb8 33.bxc5 Bc4 34.Rg1 Bg3 
35.Nd6 Qxg1+ 0-1

[Event "49th POL-ch"]
[Site "Czestochowa POL"]
[Date "1992.03.??"]
[Round "5"]
[White "Seifert, Henryk"]
[Black "Macieja, Bartlomiej"]
[Result "1-0"]
[WhiteElo "2330"]
[BlackElo "2300"]
[EventDate "1992.03.05"]
[PlyCount "51"]

1.e4 e5 2.Nf3 Nc6 3.Nc3 Nf6 4.Bb5 Nd4 5.Bc4 Bc5 6.d3 d6 7.h3 c6 8.Nxd4 
Bxd4 9.Ne2 Bb6 10.Bg5 h6 11.Bh4 O-O 12.O-O d5 13.Bxf6 gxf6 14.Bb3 dxe4 15.
dxe4 f5 16.exf5 Bxf5 17.Ng3 Qxd1 18.Raxd1 Bg6 19.Rfe1 Rad8 20.Rxd8 Rxd8 
21.Rxe5 Rd1+ 22.Nf1 Rb1 23.h4 h5 24.g4 Bd4 25.Rg5 Bf6 26.Rxg6+ 1-0

[Event "49th POL-ch"]
[Site "Czestochowa POL"]
[Date "1992.03.??"]
[Round "6"]
[White "Kuczynski, Robert"]
[Black "Pedzich, Dominik"]
[Result "1-0"]
[WhiteElo "2500"]
[BlackElo "2385"]
[EventDate "1992.03.05"]
[PlyCount "78"]

1.e4 e5 2.Nf3 Nc6 3.Bb5 a6 4.Ba4 Nf6 5.O-O Be7 6.Re1 b5 7.Bb3 O-O 8.d3 d6 
9.c3 Bb7 10.Nbd2 Na5 11.Bc2 c5 12.Nf1 Re8 13.Ng3 Bf8 14.d4 cxd4 15.cxd4 
Rc8 16.d5 g6 17.b3 Ba8 18.Bd2 Qb6 19.h3 Bg7 20.Be3 Qb8 21.Rc1 Nd7 22.Qd2 
Nb7 23.b4 Nd8 24.Bb3 Rxc1 25.Rxc1 Nb6 26.Ne1 Rf8 27.Qc2 Nc4 28.Bxc4 bxc4 
29.Qxc4 f5 30.exf5 gxf5 31.Nxf5 Rxf5 32.Qg4 Bxd5 33.Qxf5 Be6 34.Qh5 Bf7 
35.Qh4 Ne6 36.Nf3 Nf8 37.a3 Qa8 38.Bh6 Bxh6 39.Qxh6 Qd8 1-0

[Event "49th POL-ch"]
[Site "Czestochowa POL"]
[Date "1992.03.??"]
[Round "6"]
[White "Macieja, Bartlomiej"]
[Black "Przewoznik, Jan"]
[Result "1/2-1/2"]
[WhiteElo "2300"]
[BlackElo "2415"]
[EventDate "1992.03.05"]
[PlyCount "82"]

1.e4 Nc6 2.Nf3 d6 3.d4 Nf6 4.Nc3 Bg4 5.Be3 e5 6.Bb5 exd4 7.Bxd4 Nd7 8.Bxc6
bxc6 9.h3 Be6 10.O-O c5 11.Be3 Rb8 12.b3 Be7 13.Nd5 O-O 14.Nxe7+ Qxe7 15.
Ng5 Rfe8 16.Re1 Nf6 17.Nxe6 Qxe6 18.Bd2 Qe5 19.f3 Nh5 20.Qe2 Re6 21.Qf2 
Nf4 22.Rad1 Rbe8 23.Kh1 Rg6 24.Bxf4 Qxf4 25.Rd5 Rge6 26.g3 Qf6 27.Rd2 Qc3 
28.Rde2 f5 29.Re3 Qa5 30.c4 fxe4 31.Rxe4 Rxe4 32.Rxe4 Rxe4 33.fxe4 Qc3 34.
Kg2 g6 35.Qe2 Kg7 36.h4 h6 37.Kh3 a5 38.Qg4 h5 39.Qd7+ Kh6 40.Qd8 Qa1 41.
Qf8+ Kh7 1/2-1/2

[Event "49th POL-ch"]
[Site "Czestochowa POL"]
[Date "1992.03.??"]
[Round "6"]
[White "Maciejewski, Andrzej"]
[Black "Jasnikowski, Zbigniew"]
[Result "1/2-1/2"]
[WhiteElo "2350"]
[BlackElo "2450"]
[EventDate "1992.03.05"]
[PlyCount "25"]

1.e4 c5 2.Nf3 e6 3.c3 Nf6 4.e5 Nd5 5.d4 cxd4 6.cxd4 b6 7.Nc3 Nxc3 8.bxc3 
Qc7 9.Bd2 Bb7 10.Bd3 d6 11.O-O Nd7 12.Re1 Be7 13.Rc1 1/2-1/2

[Event "49th POL-ch"]
[Site "Czestochowa POL"]
[Date "1992.03.??"]
[Round "6"]
[White "Sznapik, Aleksander"]
[Black "Seifert, Henryk"]
[Result "1-0"]
[WhiteElo "2460"]
[BlackElo "2330"]
[EventDate "1992.03.05"]
[PlyCount "109"]

1.e4 e6 2.d4 d5 3.Nc3 a6 4.Nf3 Nf6 5.e5 Nfd7 6.Bd3 c5 7.dxc5 Nc6 8.Bf4 
Bxc5 9.O-O f6 10.exf6 Nxf6 11.Qe2 O-O 12.Rae1 Nd4 13.Nxd4 Bxd4 14.Be5 Bxe5
15.Qxe5 Bd7 16.h3 Qb8 17.f4 Qa7+ 18.Kh2 Rae8 19.Ne2 Qb6 20.Nd4 Bc8 21.Nb3 
Nd7 22.Qh5 Nf6 23.Qh4 Bd7 24.Re5 Bb5 25.Bxb5 Qxb5 26.Rfe1 Qb6 27.c3 Nd7 
28.R5e2 Qd6 29.Qg3 Nf6 30.Re5 Nd7 31.Rg5 g6 32.Nd4 Rf6 33.Rge5 Nc5 34.Qg4 
b5 35.R1e2 Ne4 36.g3 Kg7 37.a3 Kg8 38.h4 Kh8 39.h5 gxh5 40.Rxh5 Rg8 41.Qh4
Rf7 42.Re3 Qe7 43.Qxe7 Rxe7 44.Re5 Rge8 45.f5 exf5 46.Rxd5 Re5 47.Rxe5 
Rxe5 48.Kg2 Kg7 49.Nxf5+ Rxf5 50.Rxe4 Kf6 51.Rf4 a5 52.b3 Rxf4 53.gxf4 Kf5
54.Kf3 h5 55.a4 1-0

[Event "49th POL-ch"]
[Site "Czestochowa POL"]
[Date "1992.03.??"]
[Round "7"]
[White "Gdanski, Jacek"]
[Black "Urban, Klaudiusz"]
[Result "1/2-1/2"]
[WhiteElo "2435"]
[BlackElo "2465"]
[EventDate "1992.03.05"]
[PlyCount "127"]

1.e4 c6 2.d4 d5 3.e5 Bf5 4.Be2 e6 5.Nf3 h6 6.O-O Ne7 7.Nbd2 Nd7 8.c4 dxc4 
9.Nxc4 Nd5 10.Qb3 N7b6 11.Na5 Qd7 12.Bd2 Be7 13.Ne1 O-O 14.Nd3 Bxd3 15.
Bxd3 Bg5 16.Bxg5 hxg5 17.g3 Ne7 18.Rad1 Nf5 19.Be4 Rfd8 20.Rd3 Qe7 21.Rfd1
Rd7 22.a3 Rad8 23.Qc3 Na8 24.b4 Nb6 25.Nb3 Rc7 26.Qc1 Nd5 27.Na5 Nb6 28.
R1d2 g6 29.Bf3 Kg7 30.Kg2 Rcd7 31.Nb3 Qf8 32.Bg4 Nh6 33.Bf3 Nf5 34.Nc5 
Rxd4 35.Rxd4 Rxd4 36.Rxd4 Nxd4 37.Qxg5 Nxf3 38.Kxf3 a5 39.h4 axb4 40.axb4 
Nd5 41.h5 b6 42.Ne4 Qxb4 43.Nd6 Qb1 44.Kg2 b5 45.Qg4 Qb2 46.Qf3 f5 47.
exf6+ Nxf6 48.hxg6 Qc2 49.Qe3 Qa2 50.Nf7 Qd5+ 51.f3 Ng4 52.Qa7 Qd2+ 53.Kh3
Qe3 54.Qe7 Nf2+ 55.Kg2 Kxg6 56.Nh8+ Kh6 57.Qf6+ Kh7 58.Ng6 Nd3 59.Nf8+ Kg8
60.Nxe6 Qf2+ 61.Kh3 Qf1+ 62.Kg4 Nf2+ 63.Kf5 Qd3+ 64.Kg5 1/2-1/2

[Event "49th POL-ch"]
[Site "Czestochowa POL"]
[Date "1992.03.??"]
[Round "7"]
[White "Panczyk, Krzysztof"]
[Black "Kuczynski, Robert"]
[Result "1/2-1/2"]
[WhiteElo "2425"]
[BlackElo "2500"]
[EventDate "1992.03.05"]
[PlyCount "46"]

1.d4 d5 2.c4 c6 3.Nf3 Nf6 4.e3 Bg4 5.Be2 e6 6.O-O Nbd7 7.b3 Bd6 8.Bb2 Qb8 
9.Nbd2 O-O 10.h3 Bh5 11.Rc1 Re8 12.Nh4 Bg6 13.Nxg6 hxg6 14.Bd3 e5 15.cxd5 
Nxd5 16.Ne4 Bc7 17.Nc5 Nxc5 18.dxc5 e4 19.Bc4 Bh2+ 20.Kh1 Be5 21.Bxe5 Rxe5
22.Qd4 Qe8 23.Rfd1 Qe7 1/2-1/2

[Event "49th POL-ch"]
[Site "Czestochowa POL"]
[Date "1992.03.??"]
[Round "7"]
[White "Seifert, Henryk"]
[Black "Matlak, Marek"]
[Result "1/2-1/2"]
[WhiteElo "2330"]
[BlackElo "2440"]
[EventDate "1992.03.05"]
[PlyCount "60"]

1.e4 d6 2.d4 Nf6 3.Bd3 e5 4.c3 c6 5.Nf3 Qc7 6.Bg5 Be7 7.O-O Nbd7 8.Nbd2 
Nf8 9.dxe5 dxe5 10.Nc4 Ng6 11.Nh4 Nxh4 12.Bxh4 Bg4 13.f3 Be6 14.Bg3 Nd7 
15.Kh1 O-O 16.Qe2 b5 17.Ne3 Bg5 18.a4 a6 19.b4 Rfd8 20.Bf2 Qb7 21.Rfd1 Bb3
22.Bc2 Bxc2 23.Qxc2 Nb6 24.a5 Bxe3 25.Bxe3 Nc4 26.Bc5 Qc7 27.h3 f6 28.Kh2 
Kf7 29.Qf2 Qb7 30.Qh4 h6 1/2-1/2

[Event "49th POL-ch"]
[Site "Czestochowa POL"]
[Date "1992.03.??"]
[Round "8"]
[White "Kuczynski, Robert"]
[Black "Gdanski, Jacek"]
[Result "0-1"]
[WhiteElo "2500"]
[BlackElo "2435"]
[EventDate "1992.03.05"]
[PlyCount "89"]

1.e4 e6 2.d4 d5 3.Nc3 Nf6 4.e5 Nfd7 5.f4 c5 6.Nf3 Nc6 7.Be3 Qb6 8.Na4 Qa5+
9.c3 cxd4 10.b4 Nxb4 11.cxb4 Bxb4+ 12.Bd2 Bxd2+ 13.Nxd2 g5 14.Nb2 gxf4 15.
Nd3 b6 16.Kf2 Ba6 17.Nb3 Qa3 18.Be2 Bxd3 19.Qxd3 Nxe5 20.Qxd4 Qd6 21.Qa4+ 
Ke7 22.Rhf1 Rhc8 23.Rac1 a5 24.Kg1 Rxc1 25.Rxc1 Qb4 26.Qxb4+ axb4 27.Rc2 
Kd6 28.Bb5 Ng4 29.Nc1 Ra5 30.Be2 Ne5 31.Nb3 Ra8 32.Kf2 Nd7 33.Bb5 Nc5 34.
Nd4 e5 35.Nc6 Ne4+ 36.Ke1 Nc3 37.Nxb4 Nxb5 38.Rc6+ Kd7 39.Rxb6 Nc3 40.Kd2 
d4 41.Kd3 Nxa2 42.Nd5 Nc3 43.Nxf4 exf4 44.Kxd4 Ne2+ 45.Ke4 0-1

[Event "49th POL-ch"]
[Site "Czestochowa POL"]
[Date "1992.03.??"]
[Round "8"]
[White "Macieja, Bartlomiej"]
[Black "Pedzich, Dominik"]
[Result "1/2-1/2"]
[WhiteElo "2300"]
[BlackElo "2385"]
[EventDate "1992.03.05"]
[PlyCount "100"]

1.e4 c5 2.Nf3 e6 3.d4 cxd4 4.Nxd4 Nf6 5.Nc3 d6 6.g4 h6 7.h4 e5 8.Bb5+ Bd7 
9.Bxd7+ Qxd7 10.Nf5 Nc6 11.h5 O-O-O 12.f3 g6 13.Ng3 Bg7 14.Be3 Kb8 15.Nd5 
Nxd5 16.Qxd5 Nd4 17.Bxd4 exd4 18.O-O-O Rc8 19.Ne2 Rc5 20.Qb3 Rhc8 21.Nxd4 
Rc4 22.Ne2 Rxc2+ 23.Qxc2 Rxc2+ 24.Kxc2 Qa4+ 25.Kb1 Qb4 26.b3 a5 27.Rd3 
gxh5 28.gxh5 Qc5 29.Rg1 Bf6 30.Rgd1 Qxh5 31.Nc3 Qe5 32.f4 Qxf4 33.Nd5 Qe5 
34.Nxf6 Qxf6 35.Rxd6 Qf3 36.Rd8+ Ka7 37.Re1 h5 38.Rd5 Ka6 39.Rd6+ b6 40.
Rd2 h4 41.Kb2 a4 42.bxa4 f6 43.Rh2 h3 44.Reh1 Qxe4 45.Rxh3 f5 46.R3h2 Ka5 
47.Ka1 f4 48.Rd1 f3 49.Rf2 Qe5+ 50.Kb1 Qe4+ 1/2-1/2

[Event "49th POL-ch"]
[Site "Czestochowa POL"]
[Date "1992.03.??"]
[Round "8"]
[White "Maciejewski, Andrzej"]
[Black "Panczyk, Krzysztof"]
[Result "1/2-1/2"]
[WhiteElo "2350"]
[BlackElo "2425"]
[EventDate "1992.03.05"]
[PlyCount "30"]

1.g3 Nf6 2.Bg2 d5 3.d3 g6 4.Nf3 Bg7 5.O-O O-O 6.c3 a5 7.a4 Nc6 8.Na3 e5 9.
Nb5 h6 10.e4 Bg4 11.h3 Be6 12.Qc2 Qd7 13.Kh2 Rad8 14.Be3 b6 15.Rad1 Rfe8 
1/2-1/2